000 00894 a2200445 4500
000 BKB
001 069172
005 20200902150228.0
008
010 _a
020 _a
082 _a332.10954
_bS23I
100 1 _aSharan, Vyuptakesh
110 _a
245 1 _aIndia's financial sector: an era of reforms
_cby Vyuptakesh Sharan
250 _a
260 _aNew Delhi
_bSage Publications
_c2009
300 _a236p.
490 _a
_v
500 _a
600 _a
610 _a
611 _a
630 _a
650 _a
651 _a
654 _a
690 _aFinance; Financial institutions
700 _a
_b
_c
710 _a
_b
_c
711 _a
720 _a
730 _a
740 _a
752 _a
856 _a
_d
_f
904 _a
964 _a
_bENG
_c
_d
_e
_f
_g
965 _a
999 _c2779
_d2779